Quiz sur le PSG - Statistiques

Statistiques générales
  • Ce quiz a été pris 189 fois
  • Le résultat moyen est 10 sur 15
Statistiques - réponses
Question Réponse % Correct
Date du rachat par les qataris 2011
96%
Nom du stade du PSG Parc des Princes
96%
Transfert le plus cher de l'histoire du club Neymar
95%
Joueur le plus chère de l'histoire du club Mbappé
93%
Joueur ayant marqué exactement 200 buts au PSG Cavani
90%
Meilleur parcours en Ligue des champions Finale
90%
Entraineur actuel Luis Enrique
88%
Date de la création du club 1970
85%
Les deux couleurs principales du PSG Bleu et Rouge
80%
Date du premier titre en Ligue 1 1986
55%
Nom complet du président actuel du PSG Nasser Al-Khelaïfi
48%
Numéro sous lequel joué Ronaldinho au PSG en 2001 21
46%
Animal/Emblème du PSG Lynx
26%
Joueur recruté pour 17 millions en 1998 Jay-Jay Okocha
4%
Montant déboursé par le PSG pour le transfert de Messi 80 millions d'euros
2%
Aucun quiz correspondant
Distribution des résultats
% des personnes avec chaque résultat
Percentile par nombre de réponses
Votre historique - résultats
Vous n’avez pas pris ce quiz